15. kolo Slovenskej národnej futbalovej ligy Chemlon Humenné - ZŤS Petržalka, 11. nov. 1979

Bibliographic Details
Corporate Author: PVK FO Chemlon Humenné, Slovensko (Author)
Format: Book
Language:Slovak
PhysicalDescription:[8] s. 8°
Published: Humenné PVK FO Chemlon 1979
Subjects:

MARC

LEADER 00000nam a2200000 a 4500
001 vtls001372704
003 SK-MaSNL
005 20260301011042.0
008 180815s1979 xo 0 slo
035 |a SNK000326559 
040 |a SNK  |b slo  |c SNK  |e AACR2 
041 0 |a slo 
044 |a xo  |c SK 
080 |a 796.332  |2 1981 
110 0 |a PVK FO Chemlon Humenné, Slovensko  |4 aut  |9 293843 
245 1 |a 15. kolo Slovenskej národnej futbalovej ligy Chemlon Humenné - ZŤS Petržalka, 11. nov. 1979 
260 |a Humenné  |b PVK FO Chemlon  |c 1979 
300 |a [8] s.  |c 8° 
650 0 7 |a futbal  |x programy športové  |2 SNK  |9 293826 
958 |a OND 
958 |a RK 
999 |c 549883  |d 551813 
952 |t P60, <04>, [BOOK], {604}  |a SNK  |b SNK  |y VYP  |7 0  |o snkOSC 14739 D1  |i snkF 3646/91  |0 0  |1 0  |4 0  |d 1999-09-17  |l 0  |r 2005-01-02 00:00:00  |w 2026-02-23 
952 |t P60, <03>, [BOOK], {603}  |a SNK  |b SNK  |y PREZ  |7 0  |o snkOSC 14739  |i snkF 3645/91  |0 0  |1 0  |4 0  |d 1999-09-17  |l 0  |r 2005-01-02 00:00:00  |w 2026-02-23